[Event "Avoine op 33rd"]
[Site "Avoine"]
[Date "2018.07.28"]
[Round "8"]
[White "Droin, Augustin"]
[Black "Imperor, Lorene"]
[Result "1-0"]
[WhiteElo "2095"]
[BlackElo "1914"]
[PlyCount "149"]
[EventDate "2018.07.21"]
[EventType "swiss"]
[EventRounds "9"]
[EventCountry "FRA"]
[SourceTitle "CBM 185 Extra"]
[Source "ChessBase"]
[SourceDate "2018.07.29"]
[SourceVersion "1"]
[SourceVersionDate "2018.07.29"]
[SourceQuality "1"]

1. e4 c5 2. Nf3 e6 3. d4 cxd4 4. Nxd4 Nf6 5. Bd3 Nc6 6. Nxc6 bxc6 7. 0-0 d5 8. e5 Nd7 9. Qe2 Nc5 10. f4 Nxd3 11. cxd3 Be7 12. Nd2 0-0 13. Kh1 f6 14. Nf3 fxe5 15. Nxe5 Qe8 16. b3 Bb7 17. Bb2 c5 18. d4 Rc8 19. Rae1 cxd4 20. Bxd4 Bb4 21. Rd1 a5 22. Rf3 Bc5 23. Qf2 Bxd4 24. Qxd4 Qe7 25. Re1 Qh4 26. Nd3 Qf6 27. Qb6 Bc6 28. Ne5 Be8 29. Rf2 a4 30. Qa6 Rb8 31. bxa4 Rb4 32. a5 Rxf4 33. Rxf4 Qxf4 34. Qxe6+ Kh8 35. Nf3 Bf7 36. Qc6 Qb4 37. Rf1 Be8 38. Qxd5 Bb5 39. Rc1 Qxa5 40. Rb1 Rb8 41. Nd4 Qd2 42. h3 h6 43. Rxb5 Rxb5 44. Qa8+ Kh7 45. Qe4+ Kh8 46. Nxb5 Qxa2 47. Nd6 Qa1+ 48. Kh2 Qf6 49. Nf5 Qf8 50. Qe5 Kh7 51. h4 Qf7 52. Kh3 Qb3+ 53. g3 Qf7 54. Qe4 Kh8 55. Qd3 Qe6 56. g4 Qc6 57. Ng3 Qf6 58. Qf5 Qd6 59. g5 hxg5 60. hxg5 Qd8 61. g6 Kg8 62. Kg4 Qd4+ 63. Kh3 Qd8 64. Qe6+ Kh8 65. Qg4 Kg8 66. Qc4+ Kh8 67. Qh4+ Qxh4+ 68. Kxh4 Kg8 69. Kg5 Kh8 70. Kf5 Kg8 71. Ke6 Kh8 72. Nh5 Kg8 73. Ke7 Kh8 74. Nf6 gxf6 75. Kf7 1-0

[Event "Avoine op 33rd"]
[Site "Avoine"]
[Date "2018.07.27"]
[Round "7"]
[White "Imperor, Lorene"]
[Black "Navrotescu, Andreea Cristiana"]
[Result "0-1"]
[WhiteElo "1914"]
[BlackElo "2182"]
[PlyCount "100"]
[EventDate "2018.07.21"]
[EventType "swiss"]
[EventRounds "9"]
[EventCountry "FRA"]
[SourceTitle "CBM 185 Extra"]
[Source "ChessBase"]
[SourceDate "2018.07.29"]
[SourceVersion "1"]
[SourceVersionDate "2018.07.29"]
[SourceQuality "1"]

1. d4 e6 2. c4 b6 3. Nc3 Bb4 4. Qc2 Bb7 5. a3 Bxc3+ 6. Qxc3 Nf6 7. Bg5 h6 8. Bh4 g5 9. Bg3 Ne4 10. Qc2 d6 11. e3 Nd7 12. Ne2 f5 13. f3 Nxg3 14. Nxg3 Qf6 15. 0-0-0 0-0-0 16. Kb1 Kb8 17. Bd3 h5 18. Ne2 h4 19. e4 fxe4 20. Bxe4 d5 21. cxd5 exd5 22. Bf5 Rhf8 23. Bg4 Qd6 24. Rc1 Nf6 25. Bf5 Rde8 26. Nc3 Re7 27. Nb5 Qf4 28. g3 hxg3 29. hxg3 Qxg3 30. f4 Ne4 31. Nxc7 Qxf4 32. Ne6 Qxf5 33. Nxf8 Qxf8 34. Rcf1 Qc8 35. Qh2+ Ka8 36. Rc1 Qe8 37. Rc7 Nd2+ 38. Ka2 Rxc7 39. Qxc7 Ba6 40. b3 Qc8 41. Qxc8+ Bxc8 42. Rh8 Kb7 43. Rd8 Ne4 44. Kb2 g4 45. Rg8 g3 46. Kc2 Bf5 47. Kd1 Bg4+ 48. Ke1 Bf3 49. Kf1 g2+ 50. Kg1 Nc3 0-1

[Event "FRA-ch U16 Girls"]
[Site "Montbeliard"]
[Date "2014.04.27"]
[Round "9"]
[White "Imperor, Lorene"]
[Black "Haussernot, Cecile"]
[Result "0-1"]
[WhiteElo "1878"]
[BlackElo "2003"]
[PlyCount "92"]
[EventDate "2014.04.20"]
[EventType "swiss"]
[EventRounds "9"]
[EventCountry "FRA"]
[SourceTitle "CBM 160 Extra"]
[Source "ChessBase"]
[SourceDate "2014.07.01"]
[SourceVersion "1"]
[SourceVersionDate "2014.07.01"]
[SourceQuality "1"]

1. d4 Nf6 2. Bf4 e6 3. e3 c5 4. c3 Qb6 5. Qb3 d5 6. Nf3 c4 7. Qc2 Nc6 8. b3 cxb3 9. axb3 Bd7 10. Nbd2 Be7 11. h3 0-0 12. Bd3 Rac8 13. Qa2 Bb4 14. cxb4 Nxb4 15. Qb1 Rc1+ 16. Qxc1 Nxd3+ 17. Kf1 Nxc1 18. Rxc1 Nh5 19. Bc7 Rc8 20. g4 Rxc7 21. Rxc7 Ng3+ 22. Kg2 Qxc7 23. fxg3 Qc2 24. Ra1 a6 25. Re1 Bb5 26. e4 dxe4 27. Rxe4 Bc6 28. Re2 Bxf3+ 29. Kxf3 Qd3+ 30. Kf2 Qxd4+ 31. Kg2 Qd5+ 32. Kh2 Qd3 33. Rf2 f6 34. h4 e5 35. g5 e4 36. Rg2 e3 37. Nf3 e2 38. Ne1 Qd1 39. Rg1 Qxb3 40. gxf6 gxf6 41. g4 Qd1 42. Nf3 a5 43. g5 f5 44. h5 a4 45. Ne1 a3 46. g6 a2 0-1

[Event "Avoine op 28th"]
[Site "Avoine"]
[Date "2013.07.24"]
[Round "5"]
[White "Ollier, Pablo"]
[Black "Imperor, Lorene"]
[Result "1-0"]
[WhiteElo "2309"]
[BlackElo "1844"]
[PlyCount "139"]
[EventDate "2013.07.20"]
[EventType "swiss"]
[EventRounds "9"]
[EventCountry "FRA"]
[SourceTitle "CBM 155 Extra"]
[Source "ChessBase"]
[SourceDate "2013.08.26"]
[SourceVersion "1"]
[SourceVersionDate "2013.08.26"]
[SourceQuality "1"]

1. d4 d5 2. c4 c6 3. Nc3 Nf6 4. e3 e6 5. Nf3 Nbd7 6. Qc2 Bd6 7. g4 h6 8. Bd2 dxc4 9. Bxc4 b5 10. Be2 Bb7 11. e4 b4 12. Na4 Be7 13. g5 hxg5 14. Nxg5 Qc7 15. h3 Rc8 16. Rg1 Qh2 17. Nf3 Qxh3 18. Nc5 Nxc5 19. dxc5 Nd7 20. 0-0-0 Nxc5 21. Bxb4 Qh6+ 22. Kb1 Nd7 23. Bc3 f6 24. Rg2 Qf4 25. Bd2 Qc7 26. Rxg7 c5 27. Bc4 Qc6 28. Re1 Nb6 29. Bf1 Qa4 30. b3 Qc6 31. e5 f5 32. Bg2 Nd5 33. Qc1 c4 34. Qxc4 Qxc4 35. bxc4 Rxc4 36. Rc1 Rxc1+ 37. Kxc1 Ba3+ 38. Kd1 Ne7 39. Nd4 Bxg2 40. Rxg2 Kd7 41. Rg7 Rg8 42. Rh7 Bc5 43. Nb3 Bxf2 44. Bb4 Re8 45. Na5 Bb6 46. Nc4 Bd8 47. Nd6 Rg8 48. Nb7 Re8 49. Ke2 Bb6 50. Nd6 Rf8 51. a4 f4 52. Kf3 Be3 53. Ne4 Kc6 54. Rxe7 Rb8 55. Bd6 Rb1 56. Rc7+ Kb6 57. Rc4 Rh1 58. Ng5 Rh6 59. Rc8 Rg6 60. Be7 Ka5 61. Rc4 Rh6 62. Bd8+ Ka6 63. Rc6+ Kb7 64. Rxe6 Rh1 65. Rf6 Rf1+ 66. Ke4 Re1 67. Nf3 Re2 68. Kf5 Rc2 69. e6 Rc5+ 70. Kg4 1-0

[Event "Avoine op 28th"]
[Site "Avoine"]
[Date "2013.07.23"]
[Round "4"]
[White "Imperor, Lorene"]
[Black "Maloberti, David"]
[Result "1-0"]
[WhiteElo "1844"]
[BlackElo "2101"]
[PlyCount "73"]
[EventDate "2013.07.20"]
[EventType "swiss"]
[EventRounds "9"]
[EventCountry "FRA"]
[SourceTitle "CBM 155 Extra"]
[Source "ChessBase"]
[SourceDate "2013.08.26"]
[SourceVersion "1"]
[SourceVersionDate "2013.08.26"]
[SourceQuality "1"]

1. d4 Nf6 2. c4 g6 3. Nc3 Bg7 4. e4 d6 5. f4 c5 6. d5 e6 7. Nf3 exd5 8. cxd5 0-0 9. Be2 Bg4 10. h3 Bxf3 11. Bxf3 Nfd7 12. 0-0 Re8 13. Qc2 Na6 14. a3 Nc7 15. a4 Na6 16. Be3 Nb4 17. Qe2 a6 18. g4 f5 19. gxf5 gxf5 20. Kh2 Qh4 21. Rg1 Kh8 22. Rg5 fxe4 23. Nxe4 Rf8 24. Rag1 Bh6 25. f5 Rg8 26. R1g4 Bxg5 27. Bxg5 Qh5 28. Nf6 Qf7 29. Nxd7 Rxg5 30. Rxg5 Qxd7 31. Qe6 Qxe6 32. dxe6 h6 33. Rg6 Kh7 34. e7 Re8 35. Re6 Nc6 36. f6 Kg6 37. Bh5+ 1-0

[Event "Feffernitz Raika op 21st"]
[Site "Feffernitz"]
[Date "2012.08.23"]
[Round "6"]
[White "Imperor, Lorene"]
[Black "Schuetzhold, Frank"]
[Result "1-0"]
[WhiteElo "1743"]
[BlackElo "1941"]
[PlyCount "75"]
[EventDate "2012.08.19"]
[EventType "swiss"]
[EventRounds "9"]
[EventCountry "AUT"]
[SourceTitle "CBM 150 Extra"]
[Source "ChessBase"]
[SourceDate "2012.10.19"]
[SourceVersion "1"]
[SourceVersionDate "2012.10.19"]
[SourceQuality "1"]

1. d4 Nf6 2. c4 e6 3. Nc3 Bb4 4. Qc2 c5 5. dxc5 Bxc5 6. Nf3 Nc6 7. a3 0-0 8. b4 Be7 9. e3 b6 10. Bd3 Bb7 11. 0-0 g6 12. Bb2 Rc8 13. Qb3 Qc7 14. Rfd1 Rfd8 15. Rac1 Qb8 16. e4 Ng4 17. Nb5 a6 18. Nbd4 Nge5 19. Be2 Nxf3+ 20. Nxf3 f6 21. h4 Kf7 22. Qe3 Ne5 23. Nxe5+ fxe5 24. h5 Qc7 25. Rd3 g5 26. h6 Kg8 27. Bg4 Rf8 28. c5 b5 29. Rd6 Rf4 30. Bxe6+ dxe6 31. Rxe6 Rxe4 32. Qb3 Kf8 33. c6 Rc4 34. Rxc4 bxc4 35. Qf3+ Kg8 36. cxb7 Rd8 37. Bxe5 Bd6 38. Bxd6 1-0

[Event "Avoine op 27th"]
[Site "Avoine"]
[Date "2012.07.28"]
[Round "8"]
[White "Imperor, Lorene"]
[Black "Bouget, Alexandre"]
[Result "0-1"]
[WhiteElo "1743"]
[BlackElo "2202"]
[PlyCount "104"]
[EventDate "2012.07.21"]
[EventType "swiss"]
[EventRounds "9"]
[EventCountry "FRA"]
[SourceTitle "CBM 149 Extra"]
[Source "ChessBase"]
[SourceDate "2012.08.24"]
[SourceVersion "1"]
[SourceVersionDate "2012.08.24"]
[SourceQuality "1"]

1. d4 d5 2. c4 dxc4 3. Nf3 Nf6 4. e3 g6 5. Bxc4 Bg7 6. 0-0 0-0 7. Nc3 Ne8 8. b3 c5 9. Bb2 cxd4 10. Nxd4 Nd6 11. Bd5 Na6 12. Rc1 Nc7 13. Bf3 e5 14. Nc2 Re8 15. e4 Be6 16. Qe2 Qg5 17. Ne3 a6 18. Rfd1 Ndb5 19. Nxb5 Nxb5 20. Nd5 Rad8 21. Qe3 Qxe3 22. fxe3 Bxd5 23. exd5 e4 24. Bxg7 Kxg7 25. Be2 Nd6 26. Rc7 Kf6 27. Kf2 Rc8 28. Rd7 Ke5 29. Rd2 Red8 30. Rxd8 Rxd8 31. Bc4 Rc8 32. Rd4 Rc5 33. a4 b5 34. Be2 Rxd5 35. Rxd5+ Kxd5 36. Kg3 Ke5 37. Kf2 bxa4 38. bxa4 a5 39. g4 g5 40. Kg3 Kd5 41. h4 h6 42. hxg5 hxg5 43. Kf2 Kc5 44. Bd1 Kb4 45. Ke2 Kc3 46. Kf2 Nc4 47. Be2 Nb2 48. Bb5 Kd2 49. Bc6 Nd3+ 50. Kf1 Kxe3 51. Bd5 f6 52. Bc6 Ne5 0-1

[Event "FRA-ch U14 Girls"]
[Site "Nimes"]
[Date "2012.04.16"]
[Round "4"]
[White "Imperor, Lorene"]
[Black "Joudelat, Noemie"]
[Result "1/2-1/2"]
[WhiteElo "1714"]
[BlackElo "1747"]
[PlyCount "75"]
[EventDate "2012.04.14"]
[EventType "swiss"]
[EventRounds "9"]
[EventCountry "FRA"]
[SourceTitle "CBM 148 Extra"]
[Source "ChessBase"]
[SourceDate "2012.06.22"]
[SourceVersion "1"]
[SourceVersionDate "2012.06.22"]
[SourceQuality "1"]

1. d4 Nf6 2. c4 c5 3. d5 b5 4. cxb5 a6 5. bxa6 g6 6. Nc3 Bxa6 7. d6 Nc6 8. g3 Bg7 9. Bg2 Rb8 10. Qa4 Qb6 11. Bxc6 dxc6 12. dxe7 Bb5 13. Nxb5 cxb5 14. Qc2 c4 15. Nh3 Rb7 16. 0-0 Rxe7 17. Be3 Qc6 18. Bg5 0-0 19. a4 h6 20. Bxf6 Bxf6 21. Nf4 Rfe8 22. e3 Rd8 23. Rfd1 Red7 24. axb5 Rxd1+ 25. Rxd1 Rxd1+ 26. Qxd1 Qxb5 27. Qc2 g5 28. Ne2 Bxb2 29. Nd4 Bxd4 30. exd4 Qb3 31. Qe4 c3 32. Qe8+ Kg7 33. Qe5+ f6 34. Qe7+ Kg6 35. Qe4+ Kg7 36. Qe7+ Kg6 37. Qe4+ Kg7 38. Qe7+ 1/2-1/2

[Event "FRA-ch U12 Girls playoff"]
[Site "Troyes"]
[Date "2010.04.19"]
[Round "1"]
[White "Imperor, Lorene"]
[Black "Joudelat, Noemie"]
[Result "0-1"]
[WhiteElo "1646"]
[BlackElo "1763"]
[PlyCount "48"]
[EventDate "2010.04.19"]
[EventType "match"]
[EventRounds "2"]
[EventCountry "FRA"]
[SourceTitle "EXT 2012"]
[Source "ChessBase"]
[SourceDate "2011.11.24"]
[SourceVersion "1"]
[SourceVersionDate "2011.11.24"]
[SourceQuality "1"]

1. d4 Nf6 2. c4 g6 3. Nc3 d5 4. h4 dxc4 5. e4 c5 6. d5 b5 7. e5 Ng4 8. Nxb5 Nxe5 9. Bf4 Bg7 10. Qd2 Bb7 11. Rd1 0-0 12. Be2 a6 13. Nc3 Nbd7 14. h5 Nb6 15. hxg6 fxg6 16. Nh3 e6 17. Ng5 exd5 18. Ne6 Qf6 19. Nxf8 Rxf8 20. Bg3 d4 21. Nb1 d3 22. Bh4 Qf5 23. g4 Qe4 24. f3 Nxf3+ 0-1

[Event "FRA-ch U12 Girls"]
[Site "Troyes"]
[Date "2010.04.13"]
[Round "4"]
[White "Imperor, Lorene"]
[Black "Joudelat, Noemie"]
[Result "0-1"]
[WhiteElo "1633"]
[BlackElo "1763"]
[PlyCount "66"]
[EventDate "2010.04.11"]
[EventType "swiss"]
[EventRounds "9"]
[EventCountry "FRA"]
[SourceTitle "EXT 2012"]
[Source "ChessBase"]
[SourceDate "2011.11.24"]
[SourceVersion "1"]
[SourceVersionDate "2011.11.24"]
[SourceQuality "1"]

1. d4 Nf6 2. c4 g6 3. Nc3 d5 4. h4 dxc4 5. e4 Nc6 6. d5 Ne5 7. Bf4 Qd6 8. Bxe5 Qxe5 9. Nf3 Qf4 10. g3 Qg4 11. Ne5 Qxd1+ 12. Rxd1 a6 13. Bxc4 Bg7 14. Nf3 Bg4 15. Be2 Bxf3 16. Bxf3 0-0-0 17. 0-0 h5 18. Rfe1 Nd7 19. Be2 f6 20. Bd3 g5 21. Re3 Bh6 22. Re2 gxh4 23. gxh4 Rhg8+ 24. Kh1 Ne5 25. Bc2 Nf3 26. e5 Rg7 27. exf6 exf6 28. Bf5+ Kb8 29. Ne4 Rxd5 30. Nd2 Rxf5 31. Nxf3 Rxf3 32. Kh2 Bf4+ 33. Kh1 Rh3# 0-1

[Event "FRA-ch U12 Girls"]
[Site "Aix les Bains"]
[Date "2009.04.21"]
[Round "4"]
[White "Imperor, Lorene"]
[Black "Malassagne, Isabelle"]
[Result "1/2-1/2"]
[WhiteElo "1667"]
[BlackElo "1500"]
[PlyCount "120"]
[EventDate "2009.04.19"]
[EventType "swiss"]
[EventRounds "9"]
[EventCountry "FRA"]
[SourceTitle "CBM 130 Extra"]
[Source "ChessBase"]
[SourceDate "2009.07.02"]
[SourceVersion "2"]
[SourceVersionDate "2009.07.15"]
[SourceQuality "1"]

1. f4 g6 2. Nf3 Bg7 3. e3 Nf6 4. Be2 0-0 5. 0-0 d5 6. d3 c5 7. Ne5 Qc7 8. Nd2 Nc6 9. Nxc6 Qxc6 10. Nf3 Bf5 11. Ne5 Qd6 12. Qe1 Nd7 13. Nxd7 Qxd7 14. Bf3 Bg4 15. Qg3 Bxf3 16. Qxf3 Rfe8 17. c3 b6 18. d4 c4 19. e4 e6 20. e5 Rab8 21. Bd2 Rec8 22. Qg3 Qb5 23. Rab1 Qa4 24. a3 Qc2 25. Be3 Qf5 26. Rbc1 b5 27. Bd2 a6 28. Qf3 Qh5 29. Qxh5 gxh5 30. Rf3 Rf8 31. Rcf1 f6 32. exf6 Rxf6 33. f5 exf5 34. Rxf5 Rbf8 35. R5f2 Rxf2 36. Rxf2 Rxf2 37. Kxf2 Kf7 38. Kf3 Kf6 39. h3 Kf5 40. g4+ hxg4+ 41. hxg4+ Kg6 42. Bf4 Bf8 43. Be3 Be7 44. Ke2 Kf7 45. Bf4 Ke6 46. Kf3 Kf7 47. Ke3 Ke6 48. Bh6 Kf7 49. Bf4 Ke6 50. Kf3 Kf6 51. Ke2 Ke6 52. Kd2 Kd7 53. Kc2 Kc6 54. Bc1 Bf8 55. b3 Be7 56. a4 Bf8 57. axb5+ axb5 58. b4 Kd7 59. Bf4 Ke6 60. Kd2 Be7 1/2-1/2

[Event "FRA-ch U12 Girls"]
[Site "Aix les Bains"]
[Date "2009.04.20"]
[Round "3"]
[White "Remy, Camille"]
[Black "Imperor, Lorene"]
[Result "0-1"]
[WhiteElo "1320"]
[BlackElo "1667"]
[PlyCount "92"]
[EventDate "2009.04.19"]
[EventType "swiss"]
[EventRounds "9"]
[EventCountry "FRA"]
[SourceTitle "CBM 130 Extra"]
[Source "ChessBase"]
[SourceDate "2009.07.02"]
[SourceVersion "2"]
[SourceVersionDate "2009.07.15"]
[SourceQuality "1"]

1. e4 c5 2. Nf3 Nc6 3. Nc3 d6 4. Bb5 Bd7 5. Bxc6 Bxc6 6. d4 cxd4 7. Qxd4 Nf6 8. 0-0 g6 9. Qd3 Bg7 10. Rd1 0-0 11. Ng5 Qa5 12. Qh3 b5 13. Bf4 b4 14. Nd5 Bxd5 15. Rxd5 Qb6 16. e5 dxe5 17. Bxe5 h5 18. Bd4 Qc7 19. Bxf6 Bxf6 20. Qb3 a5 21. Ne4 Be5 22. Rc5 Qb8 23. Rb1 Bxh2+ 24. Kh1 Bd6 25. Rg5 Kh7 26. Qd3 Rd8 27. Nxd6 Qxd6 28. Rxh5+ Kg7 29. Rd5 Qxd5 30. Qxd5 Rxd5 31. g3 Rad8 32. Kg2 Rd1 33. Rxd1 Rxd1 34. a4 Rd2 35. b3 Rxc2 36. Kh3 Rc3 37. f4 Rxb3 38. Kh4 Rc3 39. g4 b3 40. f5 gxf5 41. gxf5 b2 42. f6+ Kxf6 43. Kh5 Rg3 44. Kh4 Rg8 45. Kh3 b1Q 46. Kh2 Qh7# 0-1

[Event "Orsay-D"]
[Site "Orsay"]
[Date "2009.02.15"]
[Round "1"]
[White "Vedrunes, Jean"]
[Black "Imperor, Lorene"]
[Result "0-1"]
[WhiteElo "1767"]
[BlackElo "1638"]
[PlyCount "102"]
[EventDate "2009.02.15"]
[EventType "tourn"]
[EventRounds "7"]
[EventCountry "FRA"]
[SourceTitle "CBM 129 Extra"]
[Source "ChessBase"]
[SourceDate "2009.05.05"]
[SourceVersion "2"]
[SourceVersionDate "2009.05.20"]
[SourceQuality "1"]

1. d4 d5 2. c4 c6 3. Nc3 Nf6 4. Nf3 e6 5. Bg5 Be7 6. e3 0-0 7. Bd3 Nbd7 8. 0-0 dxc4 9. Bxc4 b5 10. Bd3 a6 11. Rc1 Bb7 12. e4 c5 13. dxc5 Nxc5 14. Bb1 Nfxe4 15. Bxe7 Qxe7 16. Qc2 Nf6 17. Ng5 g6 18. Nxb5 Nfd7 19. b4 Qxg5 20. f4 Qf6 21. bxc5 axb5 22. c6 Rac8 23. Qd2 Bxc6 24. Rxc6 Rxc6 25. Qxd7 Rfc8 26. Be4 Rc5 27. g3 Qd8 28. Qxd8+ Rxd8 29. Rf2 Rc1+ 30. Kg2 Rcd1 31. Bf3 R1d2 32. a3 Rxf2+ 33. Kxf2 Rd3 34. Be2 Rb3 35. Ke1 Kg7 36. h3 Kf6 37. Kf2 Kf5 38. Bf1 Ke4 39. Bg2+ Kd4 40. Bc6 Kc5 41. Be8 f5 42. Bf7 Rxa3 43. Bxe6 b4 44. g4 fxg4 45. hxg4 b3 46. Kg3 b2+ 47. Kh4 b1Q 48. f5 Qe1+ 49. Kg5 Qe3+ 50. Kf6 Qd4+ 51. Ke7 Ra7+ 0-1

[Event "Val Thorens op 34th"]
[Site "Val Thorens"]
[Date "2008.07.22"]
[Round "4"]
[White "Imperor, Lorene"]
[Black "Taube, Gregor"]
[Result "0-1"]
[WhiteElo "1620"]
[BlackElo "1337"]
[PlyCount "56"]
[EventDate "2008.07.19"]
[EventType "swiss"]
[EventRounds "9"]
[EventCountry "FRA"]
[SourceTitle "EXT 2009"]
[Source "ChessBase"]
[SourceDate "2008.11.26"]
[SourceVersion "1"]
[SourceVersionDate "2008.11.26"]
[SourceQuality "1"]

1. f4 d5 2. Nf3 Nf6 3. e3 e6 4. b3 Be7 5. Bb2 c5 6. Bb5+ Nbd7 7. Bxd7+ Bxd7 8. 0-0 Rc8 9. d3 Qb6 10. c4 Bc6 11. Qe2 dxc4 12. dxc4 Rd8 13. Nc3 0-0 14. Rad1 Rxd1 15. Rxd1 Rd8 16. Ne5 Rxd1+ 17. Qxd1 h6 18. Qd3 a6 19. e4 Be8 20. h3 Bd6 21. Na4 Bxa4 22. bxa4 Qxb2 23. Qxd6 Qc1+ 24. Kh2 Qxf4+ 25. Kh1 Nxe4 26. Qd8+ Kh7 27. Nd3 Qd2 28. Kh2 Nf2 0-1

[Event "FRA-ch U10"]
[Site "La Roche sur Yon"]
[Date "2008.04.25"]
[Round "6"]
[White "Baldi, Valentine"]
[Black "Imperor, Lorene"]
[Result "0-1"]
[WhiteElo "1400"]
[BlackElo "1530"]
[PlyCount "130"]
[EventDate "2008.04.23"]
[EventType "swiss"]
[EventRounds "9"]
[EventCountry "FRA"]
[SourceTitle "EXT 2010"]
[Source "ChessBase"]
[SourceDate "2010.11.25"]
[SourceVersion "1"]
[SourceVersionDate "2010.11.25"]
[SourceQuality "1"]

1. d4 d5 2. c4 c6 3. e3 Nf6 4. Nf3 e6 5. Nc3 Nbd7 6. Bd3 dxc4 7. Bxc4 b5 8. Bd3 a6 9. 0-0 Be7 10. Bc2 0-0 11. Qd3 Bb7 12. e4 g6 13. e5 Nd5 14. Nxd5 exd5 15. Bh6 Re8 16. Qe3 c5 17. Bf4 cxd4 18. Qxd4 Bc5 19. Qc3 Rc8 20. Qd2 Qb6 21. Rad1 Nf8 22. a3 Ne6 23. Bh6 Red8 24. b4 Be7 25. Be3 Qc7 26. Bb3 Qc3 27. Qd3 Qxd3 28. Rxd3 Rb8 29. Rfd1 Nc7 30. Bb6 Rbc8 31. Bxc7 Rxc7 32. h3 Rcd7 33. Ne1 Bg5 34. Rd4 f6 35. e6 Re7 36. Bxd5 Bxd5 37. Rxd5 Rxd5 38. Rxd5 Rxe6 39. Rd8+ Kg7 40. Nf3 Bc1 41. Rd3 Re2 42. Rd6 Bxa3 43. Rxa6 Bxb4 44. Rb6 Bc5 45. Rb7+ Kh6 46. Rxb5 Bxf2+ 47. Kf1 Rc2 48. Rb6 Bxb6 49. h4 g5 50. hxg5+ fxg5 51. Ne5 Rf2+ 52. Kg1 Rf5+ 53. Kh2 Rxe5 54. Kh3 Bc7 55. g3 Re3 56. Kg2 Rxg3+ 57. Kf2 Ra3 58. Ke2 Ba5 59. Kf2 Kh5 60. Ke2 Kg4 61. Kf2 h5 62. Ke2 Kf4 63. Kf2 Ra2+ 64. Kf1 Kg3 65. Kg1 Ra1# 0-1

[Event "FRA-chT2 West 0708"]
[Site "France"]
[Date "2007.10.21"]
[Round "1.8"]
[White "Imperor, Lorene"]
[Black "Blanche, Sandrine"]
[Result "1/2-1/2"]
[WhiteElo "1540"]
[BlackElo "1860"]
[PlyCount "66"]
[EventDate "2007.10.21"]
[EventType "team"]
[EventRounds "11"]
[EventCountry "FRA"]
[SourceTitle "EXT 2009"]
[Source "ChessBase"]
[SourceDate "2008.11.26"]
[SourceVersion "1"]
[SourceVersionDate "2008.11.26"]
[SourceQuality "1"]
[WhiteTeam "Gif sur Yvette"]
[BlackTeam "Lisieux"]
[WhiteTeamCountry "FRA"]
[BlackTeamCountry "FRA"]

1. e4 Nf6 2. Nc3 d5 3. e5 Ne4 4. Nce2 e6 5. d3 Nc5 6. d4 Ncd7 7. f4 c5 8. c3 Nc6 9. Nf3 Qb6 10. b3 cxd4 11. cxd4 Bb4+ 12. Bd2 Ba3 13. Bc3 0-0 14. Ng3 Re8 15. Bd3 Nf8 16. 0-0 Bd7 17. Qc2 h6 18. Rad1 Rac8 19. Qd2 Rc7 20. Bb2 Bxb2 21. Qxb2 Nb4 22. Bb1 Bb5 23. Rfe1 Rec8 24. Rd2 Qa6 25. Red1 Rc3 26. Ne1 Ng6 27. a3 Nxf4 28. axb4 Qc6 29. Rc2 h5 30. Rxc3 Qxc3 31. Qxc3 Rxc3 32. Bc2 h4 33. Nf1 Kf8 1/2-1/2